000 00510cam a2200193 4500
001 ABS62707
008 000000n2000 000 0 eng u
035 _a(Sirsi) u107945
245 _aFocus update 2000: Cardiff
260 _c2000
490 _aEstates Gazette
_v(0031) 5 August 2000, 49-61(7)
590 _aABS
650 _aCARDIFF
650 _aWALES
650 _aHIGH TECH COMPANIES
650 _aCALL CENTRES
690 _aPROPERTY-COMMERCIAL PROPERTY-COMMERCIAL PROPERTY MARKET
942 _n0
999 _c64480
_d64480